Top 5 European Soccer League Teams 2017-18 - Statistics

General Stats
  • This quiz has been taken 881 times
    833 since last reset
  • The average score is 46 of 98
Answer Stats
Team % Correct
Manchester City
95%
Manchester United
94%
Arsenal
90%
Liverpool
90%
Real Madrid
90%
FC Barcelona
88%
Chelsea
87%
Bayern Munich
85%
Paris Saint-Germain
83%
Borussia Dortmund
81%
Internazionale
81%
Milan
81%
Tottenham Hotspur
81%
Juventus
80%
Atlético Madrid
79%
West Ham United
73%
Sevilla
71%
Roma
70%
Everton
68%
Olympique Lyonnais
67%
Valencia
67%
Leicester City
66%
Napoli
66%
Newcastle United
65%
Lazio
63%
AS Monaco
62%
Olympique de Marseille
62%
Athletic Bilbao
60%
Bayer Leverkusen
58%
Real Betis
58%
Crystal Palace
57%
Brighton & Hove Albion
56%
Southampton
56%
Schalke 04
55%
Burnley
53%
LOSC Lille
53%
Real Sociedad
52%
Atalanta
51%
Bournemouth
51%
VfL Wolfsburg
51%
RB Leipzig
50%
Watford
48%
Fiorentina
46%
West Bromwich Albion
46%
Torino
45%
Borussia Mönchengladbach
43%
Espanyol
43%
Hamburger SV
43%
Swansea City
43%
Werder Bremen
43%
1. FC Köln
42%
Getafe
42%
OGC Nice
41%
Villarreal
41%
Eintracht Frankfurt
40%
Sampdoria
40%
Stoke City
40%
FC Nantes
39%
Girondins de Bordeaux
38%
Hertha Berlin
38%
Malaga
38%
Bologna
36%
Huddersfield Town
36%
Udinese
36%
VfB Stuttgart
36%
Genoa
35%
Stade Rennais
34%
1899 Hoffenheim
33%
Deportivo La Coruña
33%
Sassuolo
33%
Girona FC
32%
Cagliari
30%
Levante
30%
Montpellier HSC
30%
AS Saint-Étienne
29%
Celta Vigo
29%
Mainz 05
29%
FC Augsburg
28%
Deportivo Alavés
27%
Eibar
27%
SC Freiburg
26%
Toulouse FC
26%
Hellas Verona
25%
Chievo Verona
24%
RC Strasbourg
24%
Hannover 96
23%
Las Palmas
23%
Leganés
19%
FC Metz
18%
Angers SCO
17%
S.P.A.L. 2013
16%
SM Caen
15%
Amiens
14%
Benevento
14%
Dijon FCO
14%
EA Guingamp
14%
Crotone
12%
Troyes AC
10%
No matching quizzes found
Score Distribution
Percent of People with Each Score
Percentile by Number Answered
Your Score History
You have not taken this quiz since the last reset